| 000 | 00517nam a22001937a 4500 | ||
|---|---|---|---|
| 003 | OSt | ||
| 005 | 20151104100601.0 | ||
| 008 | 130524s2002 sp ||||| |||| 00| 0 spa d | ||
| 020 | _a8441514445 | ||
| 040 | _cCDMR | ||
| 100 | 1 |
_93518 _aEstévez, Jaime |
|
| 245 | 1 | 0 |
_aPeriodismo en la red _cJaime Estévez |
| 260 |
_aMadrid _bAnaya _cDL 2002 |
||
| 300 | _a204 p. | ||
| 490 | 0 | _aAnaya Multimedia | |
| 650 | 0 | 4 |
_92742 _aPremsa _xInnovacions tecnològiques |
| 650 | 0 | 4 |
_93076 _aPeriodisme digital _zEspanya |
| 942 |
_2udc _cMON |
||
| 999 |
_c6319 _d6319 |
||